000 nam a22 a 4500
999 _c4744
_d4744
003 AKMAL
005 20170801120129.0
008 17 s2017 my e l o000 0 eng d
020 _a9789677014420
_qhardback
_cRM220.00
082 0 4 _a343.595056 MAL
_223
090 0 0 _a343.595056
_bMAL
110 1 _aMalaysia
_9400
245 1 0 _aCUSTOMS DUTIES (GOODS OF ASEAN COUNTRIES ORIGIN) (ASEAN HARMONIZED TARIFF NOMENCLATURE AND ASEAN TRADE IN GOODS AGREEMENT) ORDER 2017 ;
_cCompiled by MDC Customs Updating Service Dept.
_ball amendments up to April 2017
264 1 _aKuala Lumpur :
_bMDC PUBLISHERS SDN BHD
_c2017
300 _a1437 pages ;
_c30 cm
650 1 0 _aTariff
_xLaw and legislation
_zMalaysia
_920
650 2 0 _aSales tax
_xLaw and legislation
_zMalaysia
_9621
650 2 0 _aCustoms administration
_xLaw and legislation
_zMalaysia
_99068
942 _2ddc
_cBOOK